Obálka Náhled e-knihy:
PDF Epub
Pro půjčování e-knih musíte být přihlášeni.
Jak si půjčit online?

Tři muži na toulkách /

Humoristický román anglického autora je volným pokračováním jeho světoznámých Tří mužů ve člunu.

Uloženo v:
Série:Tři muži, část 2
Hlavní autor: Jerome, Jerome K. 1859-1927 (Autor)
Další autoři: Žáček, Milan, 1974- (Autor)
Médium: E-kniha
Jazyk:Czech
Vydáno: Praha : Dobrovský s.r.o., 2023
Edice:1400
Témata:
Příbuzné jednotky:Z cyklu:: Tři muži
Tagy:
Žádné tagy
LEADER 02188nam a2200457 i 4500
001 312675
003 CZ PrSKC
005 20260601215726.0
007 ta
008 230209s2023 xr g 000 f cze
015 |a cnb003500292 
020 |a 9788027710348  |q (vázáno) 
035 |a (OCoLC)1375349020 
040 |a ABG001  |b cze  |e rda 
041 1 |a cze  |h eng 
072 7 |a 821.111-3  |x Anglická próza, anglicky psaná  |2 Konspekt 
080 |a 821.111-31  |2 MRF 
080 |a (0:82-311.5)  |2 MRF 
100 1 |a Jerome, Jerome K.  |q (Jerome Klapka),  |d 1859-1927  |7 jn19981001562  |4 aut 
240 1 0 |a Three men on the bummel.  |l Česky  |7 aun2008438835 
245 1 0 |a Tři muži na toulkách /  |c Jerome Klapka Jerome ; přeložil Milan Žáček 
264 1 |a Praha :  |b Dobrovský s.r.o.,  |c 2023 
300 |a 229 stran ;  |c 21 cm 
336 |a text  |b txt  |2 rdacontent 
337 |a bez média  |b n  |2 rdamedia 
338 |a svazek  |b nc  |2 rdacarrier 
490 1 |a 1400 
500 |a Přeloženo z angličtiny 
520 2 |a Humoristický román anglického autora je volným pokračováním jeho světoznámých Tří mužů ve člunu.  |b Tentokrát autor doprovází trojici nerozlučných přátel na jejich cyklistických cestách po Německu a jeho pamětihodnostech. Jejich cestovní zážitky, dobrodružství, žerty a vzájemné popichování potěší všechny příznivce a vyznavače klasického anglického humoru. 
655 7 |a anglické romány  |7 fd131814  |2 czenas 
655 7 |a humoristické romány  |7 fd132431  |2 czenas 
655 9 |a English fiction  |2 eczenas 
655 9 |a humorous novels  |2 eczenas 
700 1 |a Žáček, Milan,  |d 1974-  |7 mzk2003183726  |4 trl 
787 0 8 |i Z cyklu:  |t Tři muži  |g 2 
830 0 |a 1400 
900 |a ABA001  |b 20 
044 |a xr 
910 |a RBIT002 
998 |d 417893  |a https://core.palmknihy.cz/api/books/417893/cover?std83u  |b https://core.palmknihy.cz/api/books/417893/cover/400?std83u  |c https://core.palmknihy.cz/api/books/417893/cover/50?std83u  |e   |g 232  |i 9788027710348  |j https://core.palmknihy.cz/api/books/417893/preview.epub  |k https://core.palmknihy.cz/api/books/417893/preview.pdf  |l   |q 49  |r 1  |s https://www.palmknihy.cz/kniha/417893  |t ebook  |y 2023  |z 0 
999 |d 312673